A history of modern political thought : (Record no. 5152)

MARC details
000 -LEADER
fixed length control field 00641cam a2200181 4500
001 - CONTROL NUMBER
control field 6104
005 - DATE AND TIME OF LATEST TRANSACTION
control field 20181127180909.0
010 ## - LIBRARY OF CONGRESS CONTROL NUMBER
LC control number 92017205
020 ## - INTERNATIONAL STANDARD BOOK NUMBER
International Standard Book Number 1557861471
100 1# - MAIN ENTRY--PERSONAL NAME
Personal name Hampsher-Monk, Iain,
Dates associated with a name 1946-
245 12 - TITLE STATEMENT
Title A history of modern political thought :
Remainder of title major political thinkers from Hobbes to Marx /
Statement of responsibility, etc. Iain Hampsher-Monk.
260 ## - PUBLICATION, DISTRIBUTION, ETC.
Place of publication, distribution, etc. Oxford, UK ;
Name of publisher, distributor, etc. Cambridge [Mass.] :
-- Blackwell,
Date of publication, distribution, etc. 1992
300 ## - PHYSICAL DESCRIPTION
Extent xiii, 609 p. ;
Dimensions 25 cm.
504 ## - BIBLIOGRAPHY, ETC. NOTE
Bibliography, etc. note Includes bibliographical references (p. [563]-592) and index.
650 #0 - SUBJECT ADDED ENTRY--TOPICAL TERM
Topical term or geographic name entry element Political science
General subdivision History.
Topical term or geographic name entry element Philosophie politique.
Source of heading or term
Topical term or geographic name entry element Science politique
General subdivision Histoire.
Source of heading or term
Holdings
Withdrawn status Lost status Source of classification or shelving scheme Damaged status Not for loan Collection code Home library Current library Shelving location Date acquired Serial Enumeration / chronology Inventory number Total Checkouts Total Renewals Full call number Barcode Date last seen Date last checked out Copy number Price effective from Koha item type
    Dewey Decimal Classification     Main TEST RTC Library RTC Library Main opac 19/08/2024 9718 1 1 320 MON 30008152 16/09/2024 19/08/2024 3 27/11/2018 Main
    Dewey Decimal Classification     Main TEST RTC Library RTC Library Main opac   9666     320 MON 30008115 27/11/2018   1 27/11/2018 Main
    Dewey Decimal Classification     Main TEST RTC Library RTC Library Main opac 30/08/2021 9667 2   320 MON 30008169 14/09/2021 30/08/2021 2 27/11/2018 Main
    Dewey Decimal Classification     Main TEST RTC Library RTC Library Main opac 30/08/2021 9719 3   320 MON 30008151 28/05/2024 16/05/2024 4 27/11/2018 Main
Royal Thimphu College || All Right Reserved